| 000 | 00462nam a2200145 i 4500 | ||
|---|---|---|---|
| 001 | 59887 | ||
| 003 | ES-MaACL | ||
| 007 | t| | ||
| 008 | 031031s1975 sp ||||1| baq d | ||
| 100 | 1 |
_aErauskin Lujanbio, José Ramón. _947354 |
|
| 245 | 1 | 0 |
_aAien garaia _b: (San Isidro Saria, 1974) / _cJosé Ramón Erauskin Lujanbio. |
| 260 |
_a[S.l. : _bs.n., _c1975] ( _eZarauz : _fItxaropena) |
||
| 300 |
_a352 p. : _bil. ; _c22 cm. |
||
| 852 |
_aES-MaACL _jE-8886 _bR.93250 |
||
| 999 |
_c59887 _d59887 |
||